| 000 | 00776nam a22002657a 4500 | ||
|---|---|---|---|
| 003 | CHAP | ||
| 005 | 20220329133639.0 | ||
| 008 | 971013s1985 r 00010 d | ||
| 010 | _a8995 | ||
| 011 | _a9967 | ||
| 035 | _a9204 | ||
| 040 | _cCHAP | ||
| 082 |
_a517.5 _bD45Y |
||
| 100 | 0 | 0 |
_aDeminovich, B. _931738 |
| 245 | _aProblemas y ejercicios de análisis matemático | ||
| 260 |
_aMéxico, D. F. : _bQuinto Sol, _c1985 |
||
| 300 | _a519 p. | ||
| 590 |
_aBATCH-UPD _b10 _c20130110 _lUCH01 _h2037 |
||
| 590 |
_aBATCH-UPD _b10 _c20130410 _lUCH01 _h1352 |
||
| 590 |
_aCONVERSION _b10 _c20130109 _lUCH01 _h1306 |
||
| 650 | 1 | 4 |
_aAnalisis matematico. _95988 |
| 901 | _aBK | ||
| 942 | _cLIBRO | ||
| 949 |
_a517.5 D45Y _bBC _cLIBRO _d33724000135612 _eLIBRO _gI.c/e _h77734 _i9204 _si _t13.80 |
||
| 999 |
_c8995 _d8995 |
||